<?xml version="1.0" encoding="UTF-8"?>
<record
    xmlns:xsi="http://www.w3.org/2001/XMLSchema-instance"
    xsi:schemaLocation="http://www.loc.gov/MARC21/slim http://www.loc.gov/standards/marcxml/schema/MARC21slim.xsd"
    xmlns="http://www.loc.gov/MARC21/slim">

  <leader>02007nam a2200289 i 4500</leader>
  <controlfield tag="003">DO-SdBNP</controlfield>
  <controlfield tag="005">20240305140538.0</controlfield>
  <controlfield tag="007">ta</controlfield>
  <controlfield tag="008">210602b  2020 dr         00| 0 eng d</controlfield>
  <datafield tag="020" ind1=" " ind2=" ">
    <subfield code="a">9789945582925</subfield>
  </datafield>
  <datafield tag="040" ind1=" " ind2=" ">
    <subfield code="a">DO-SdBNP</subfield>
    <subfield code="b">spa</subfield>
    <subfield code="c">BNPHU </subfield>
    <subfield code="e">rda</subfield>
  </datafield>
  <datafield tag="082" ind1=" " ind2="4">
    <subfield code="b">G216e</subfield>
    <subfield code="2">22</subfield>
  </datafield>
  <datafield tag="100" ind1="1" ind2=" ">
    <subfield code="a">Garc&#xED;a, Jos&#xE9; Enrique,</subfield>
    <subfield code="d">1948-</subfield>
    <subfield code="e">autor</subfield>
    <subfield code="9">22487</subfield>
  </datafield>
  <datafield tag="245" ind1="1" ind2="0">
    <subfield code="a">Estas historias / </subfield>
    <subfield code="c">Jos&#xE9; Enrique Garc&#xED;a.</subfield>
  </datafield>
  <datafield tag="264" ind1=" " ind2="4">
    <subfield code="a">Santo Domingo :</subfield>
    <subfield code="b">Banco Central de la Rep&#xFA;blica Dominicana, </subfield>
    <subfield code="c">2020.</subfield>
  </datafield>
  <datafield tag="300" ind1=" " ind2=" ">
    <subfield code="a"> 227 p&#xE1;ginas ; </subfield>
    <subfield code="c">23 cm.</subfield>
  </datafield>
  <datafield tag="336" ind1=" " ind2=" ">
    <subfield code="2">rdacontent</subfield>
    <subfield code="a">texto</subfield>
    <subfield code="b">txt</subfield>
  </datafield>
  <datafield tag="337" ind1=" " ind2=" ">
    <subfield code="2">rdamedia</subfield>
    <subfield code="a">sin mediaci&#xF3;n</subfield>
    <subfield code="b">n</subfield>
  </datafield>
  <datafield tag="338" ind1=" " ind2=" ">
    <subfield code="2">rdacarrier</subfield>
    <subfield code="a">volumen</subfield>
    <subfield code="b">nc</subfield>
  </datafield>
  <datafield tag="490" ind1=" " ind2=" ">
    <subfield code="a">Banco Central de la Rep&#xFA;blica Dominicana</subfield>
    <subfield code="v">276</subfield>
  </datafield>
  <datafield tag="490" ind1=" " ind2=" ">
    <subfield code="a">Arte y literatura</subfield>
    <subfield code="v">103</subfield>
  </datafield>
  <datafield tag="500" ind1=" " ind2=" ">
    <subfield code="a">Incluye datos biogr&#xE1;ficos del autor en las solapas.</subfield>
  </datafield>
  <datafield tag="505" ind1="0" ind2=" ">
    <subfield code="a">Pr&#xF3;logo --</subfield>
    <subfield code="t">Reconciliaci&#xF3;n con la quietud --</subfield>
    <subfield code="t">Apego a las cosas --</subfield>
    <subfield code="t">Existencia de los otros --</subfield>
    <subfield code="t"> Experiencia de la muerte --</subfield>
    <subfield code="t">Voz de la tierra --</subfield>
    <subfield code="t">Desnudo de su cuerpo --</subfield>
    <subfield code="t">D&#xE9;biles compa&#xF1;&#xED;as --</subfield>
    <subfield code="t">Las dos hermanas --</subfield>
    <subfield code="t">Bailarina de la noche --</subfield>
    <subfield code="t">Hijos de la noche --</subfield>
    <subfield code="t">Pasos sin huellas --</subfield>
    <subfield code="t">Lucrecia Alvarado --</subfield>
    <subfield code="t">Los sue&#xF1;os --</subfield>
    <subfield code="t">Una historia -- </subfield>
    <subfield code="t">El se&#xF1;or Inoa --</subfield>
    <subfield code="t">El hoyo  -- </subfield>
    <subfield code="t">Ya no llueve los lunes -- </subfield>
    <subfield code="t">Oficio de Ocio -- </subfield>
    <subfield code="t">Dolorosamente Sarita  -- </subfield>
    <subfield code="t">Juegos de villanos -- </subfield>
    <subfield code="t">La promesa -- </subfield>
    <subfield code="t">Historias yuxtapuestas -- </subfield>
    <subfield code="t">Muerte vertical --</subfield>
    <subfield code="t">Sacrifico de las cenizas -- </subfield>
    <subfield code="t">El hombre que vend&#xED;a telas -- </subfield>
    <subfield code="t">El &#xE1;rbol de las garzas  -- </subfield>
    <subfield code="t">Mujer de lejos --</subfield>
    <subfield code="t">La mujer de todos -- </subfield>
    <subfield code="t">Cenizas de Cuaresma -- </subfield>
    <subfield code="t">El dolor del cuerpo -- </subfield>
    <subfield code="t">Historia deprisa -- </subfield>
    <subfield code="t">Humo de carne  -- </subfield>
    <subfield code="t">El guardador del camino  --</subfield>
    <subfield code="t"> El hombre que lleg&#xF3; un d&#xED;a -- </subfield>
    <subfield code="t">Emeterio Santos -- </subfield>
    <subfield code="t">El extra&#xF1;o -- </subfield>
    <subfield code="t">Conrado --</subfield>
    <subfield code="t">Los a&#xF1;os muertos -- </subfield>
    <subfield code="t">L&#xED;nea recta -- </subfield>
    <subfield code="t">Pesadilla del amanuense -- </subfield>
    <subfield code="t">Tal vez compa&#xF1;&#xED;a -- </subfield>
    <subfield code="t">Nacer nom&#xE1;s --</subfield>
    <subfield code="t">La otra -- </subfield>
    <subfield code="t">Una historia, la otra --</subfield>
    <subfield code="t">Dos hombres --</subfield>
    <subfield code="t">Zegu&#xED;, el alem&#xE1;n --</subfield>
    <subfield code="t">Dos veces hermanos.</subfield>
  </datafield>
  <datafield tag="590" ind1=" " ind2=" ">
    <subfield code="a">Inventariado, 2021 /LP

</subfield>
  </datafield>
  <datafield tag="910" ind1=" " ind2=" ">
    <subfield code="a">Lop&#xE9;rez</subfield>
  </datafield>
  <datafield tag="942" ind1=" " ind2=" ">
    <subfield code="2">ddc</subfield>
    <subfield code="c">LBS1</subfield>
  </datafield>
  <datafield tag="952" ind1=" " ind2=" ">
    <subfield code="0">0</subfield>
    <subfield code="1">0</subfield>
    <subfield code="2">ddc</subfield>
    <subfield code="7">1</subfield>
    <subfield code="8">PD</subfield>
    <subfield code="a">BNPHU</subfield>
    <subfield code="b">PD</subfield>
    <subfield code="c">HD</subfield>
    <subfield code="d">2021-06-02</subfield>
    <subfield code="e">Dep&#xF3;sito Legal</subfield>
    <subfield code="l">0</subfield>
    <subfield code="o">BNPHU PD G216e</subfield>
    <subfield code="p">2021-1882</subfield>
    <subfield code="r">2021-06-02</subfield>
    <subfield code="w">2021-06-02</subfield>
    <subfield code="y">LFPD</subfield>
  </datafield>
  <datafield tag="952" ind1=" " ind2=" ">
    <subfield code="0">0</subfield>
    <subfield code="1">0</subfield>
    <subfield code="2">ddc</subfield>
    <subfield code="7">2</subfield>
    <subfield code="8">PD</subfield>
    <subfield code="a">BNPHU</subfield>
    <subfield code="b">PD</subfield>
    <subfield code="c">HD</subfield>
    <subfield code="d">2021-06-02</subfield>
    <subfield code="e">Dep&#xF3;sito Legal</subfield>
    <subfield code="l">0</subfield>
    <subfield code="o">BNPHU PD G216e</subfield>
    <subfield code="p">2021-1883</subfield>
    <subfield code="r">2021-06-02</subfield>
    <subfield code="t">e.2</subfield>
    <subfield code="w">2021-06-02</subfield>
    <subfield code="y">LFPD</subfield>
  </datafield>
  <datafield tag="952" ind1=" " ind2=" ">
    <subfield code="0">0</subfield>
    <subfield code="1">0</subfield>
    <subfield code="2">ddc</subfield>
    <subfield code="7">5</subfield>
    <subfield code="8">DS</subfield>
    <subfield code="a">BNPHU</subfield>
    <subfield code="b">DO</subfield>
    <subfield code="c">HD</subfield>
    <subfield code="d">2021-06-02</subfield>
    <subfield code="e">Dep&#xF3;sito Legal</subfield>
    <subfield code="l">0</subfield>
    <subfield code="o">BNPHU DS G216e</subfield>
    <subfield code="p">2021-1884</subfield>
    <subfield code="r">2021-06-02</subfield>
    <subfield code="t">e.3</subfield>
    <subfield code="w">2021-06-02</subfield>
    <subfield code="y">LFDS</subfield>
  </datafield>
  <datafield tag="952" ind1=" " ind2=" ">
    <subfield code="0">0</subfield>
    <subfield code="1">0</subfield>
    <subfield code="2">ddc</subfield>
    <subfield code="5">6</subfield>
    <subfield code="7">0</subfield>
    <subfield code="8">DS</subfield>
    <subfield code="a">BNPHU</subfield>
    <subfield code="b">BNPHU</subfield>
    <subfield code="c">CT</subfield>
    <subfield code="d">2023-08-01</subfield>
    <subfield code="e">Donaci&#xF3;n</subfield>
    <subfield code="l">0</subfield>
    <subfield code="o">BNPHU DS G216e</subfield>
    <subfield code="p">2023-5129</subfield>
    <subfield code="r">2023-08-01</subfield>
    <subfield code="t">e.4</subfield>
    <subfield code="w">2023-08-01</subfield>
    <subfield code="y">LBS1</subfield>
  </datafield>
  <datafield tag="999" ind1=" " ind2=" ">
    <subfield code="c">49865</subfield>
    <subfield code="d">49865</subfield>
  </datafield>
</record>
